[Event "Titled Tuesday intern op 02nd Feb"]
[Site "Chess.com INT"]
[Date "2021.02.02"]
[Round "2"]
[White "Solano Cuya, Bryan"]
[Black "Kretov, Evgenij"]
[Result "1-0"]
[WhiteElo "2242"]
[BlackElo "2269"]
[PlyCount "131"]
[EventDate "2021.02.02"]
[EventType "swiss (blitz)"]
[EventRounds "11"]
[EventCountry "USA"]
[SourceTitle "CBM 200 Extra"]
[Source "ChessBase"]
[SourceDate "2021.03.31"]
[SourceVersion "1"]
[SourceVersionDate "2021.03.31"]
[SourceQuality "1"]

1. d4 Nf6 2. c4 c5 3. d5 e5 4. Nc3 d6 5. e4 Be7 6. Nf3 0-0 7. Be2 Ne8 8. 0-0 Nd7 9. Ne1 Bg5 10. Nd3 g6 11. b4 Bxc1 12. Rxc1 cxb4 13. Nxb4 Nc5 14. Na4 Qa5 15. Nxc5 Qxc5 16. Nd3 Qd4 17. Bf3 b6 18. Nb4 Qxd1 19. Rfxd1 Nc7 20. h3 Na6 21. a3 Nc5 22. Rc3 Bd7 23. Re3 Rac8 24. Rc1 f5 25. exf5 gxf5 26. Be2 Kf7 27. f4 e4 28. Kf2 Rg8 29. Rg1 Rcf8 30. Nc2 Ke7 31. Nd4 Rg7 32. Rg3 Rxg3 33. Kxg3 Kf6 34. Kf2 Rg8 35. g4 h6 36. Ke3 a6 37. Rb1 Rb8 38. gxf5 Bxf5 39. Bg4 Bxg4 40. hxg4 Rb7 41. Rh1 Kg6 42. f5+ Kg5 43. Rh5+ Kxg4 44. Rxh6 Rd7 45. Rg6+ Kh5 46. Rg8 Nd3 47. Rb8 Ne5 48. Rc8 Rg7 49. Ne6 Rg3+ 50. Ke2 Ng4 51. Rh8+ Nh6 52. f6 Rf3 53. Ng7+ Kg6 54. Ne8 Rxa3 55. Nxd6 Ra2+ 56. Ke1 e3 57. f7 Nxf7 58. Nxf7 Kxf7 59. Rb8 Rb2 60. c5 Rd2 61. c6 Rxd5 62. c7 Rc5 63. c8Q Rxc8 64. Rxc8 Ke6 65. Rc6+ Kd5 66. Rxb6 1-0

[Event "North American op 30th"]
[Site "ICC INT"]
[Date "2020.12.29"]
[Round "8"]
[White "Vakhidov, Jahongir"]
[Black "Solano Cuya, Bryan"]
[Result "1/2-1/2"]
[WhiteElo "2533"]
[BlackElo "2242"]
[PlyCount "28"]
[EventDate "2020.12.26"]
[EventType "swiss"]
[EventRounds "8"]
[EventCountry "USA"]
[SourceTitle "CBM 200 Extra"]
[Source "ChessBase"]
[SourceDate "2021.03.31"]
[SourceVersion "1"]
[SourceVersionDate "2021.03.31"]
[SourceQuality "1"]

1. c4 c6 2. Nc3 d5 3. d4 Nf6 4. cxd5 cxd5 5. Bf4 Nc6 6. e3 a6 7. Be2 Bf5 8. Nf3 e6 9. Qb3 Bd6 10. Bxd6 Qxd6 11. Qxb7 0-0 12. Qb3 Rfb8 13. Qa3 Qxa3 14. bxa3 Na7 1/2-1/2

[Event "FISU World University"]
[Site "Tornelo INT"]
[Date "2020.10.27"]
[Round "4.28"]
[White "Solano Cuya, Bryan"]
[Black "Rodriguez Perez, Marta"]
[Result "1-0"]
[WhiteElo "2242"]
[BlackElo "1636"]
[PlyCount "75"]
[EventDate "2020.10.26"]
[EventType "team-swiss (rapid)"]
[EventRounds "9"]
[EventCountry "NET"]
[SourceTitle "CBM 199 Extra"]
[Source "ChessBase"]
[SourceDate "2021.01.31"]
[SourceVersion "1"]
[SourceVersionDate "2021.01.31"]
[SourceQuality "1"]
[WhiteTeam "Costa Rica"]
[BlackTeam "Spain"]
[WhiteTeamCountry "CRI"]
[BlackTeamCountry "ESP"]

1. d4 Nf6 2. c4 e5 3. dxe5 Ng4 4. Bf4 g5 5. Bg3 Nc6 6. Nf3 Bg7 7. e3 Ngxe5 8. Nxe5 Nxe5 9. Nc3 d6 10. Rc1 Be6 11. Be2 Nxc4 12. Bxc4 Bxc4 13. Qa4+ b5 14. Nxb5 Bxb5 15. Qxb5+ Qd7 16. Qb7 Rc8 17. 0-0 0-0 18. b3 a5 19. Rfd1 h5 20. h4 Qg4 21. hxg5 h4 22. Bf4 h3 23. Qf3 Qh4 24. Qxh3 Qxh3 25. gxh3 f6 26. gxf6 Rxf6 27. Rd5 Rg6+ 28. Kf1 Kf7 29. Rxa5 c5 30. Rc4 Rh8 31. b4 cxb4 32. Rxb4 Rxh3 33. Rb6 Rh1+ 34. Ke2 Rgg1 35. Ra7+ Kg6 36. Rxd6+ Kf5 37. Ra5+ Kg4 38. Rg6+ 1-0

[Event "FISU World University"]
[Site "Tornelo INT"]
[Date "2020.10.26"]
[Round "1.31"]
[White "Solano Cuya, Bryan"]
[Black "Chen, Yiru"]
[Result "1-0"]
[WhiteElo "2242"]
[BlackElo "1828"]
[PlyCount "67"]
[EventDate "2020.10.26"]
[EventType "team-swiss (rapid)"]
[EventRounds "9"]
[EventCountry "NET"]
[SourceTitle "CBM 199 Extra"]
[Source "ChessBase"]
[SourceDate "2021.01.31"]
[SourceVersion "1"]
[SourceVersionDate "2021.01.31"]
[SourceQuality "1"]
[WhiteTeam "Costa Rica"]
[BlackTeam "China III"]
[WhiteTeamCountry "CRI"]
[BlackTeamCountry "CHN"]

1. d4 Nf6 2. c4 e6 3. Nc3 Bb4 4. f3 0-0 5. e4 d5 6. cxd5 exd5 7. e5 Nfd7 8. f4 c5 9. Be3 cxd4 10. Qxd4 Bc5 11. Qd2 Bxe3 12. Qxe3 Nb6 13. Nf3 Nc6 14. Rd1 Be6 15. Be2 Qe7 16. 0-0 Rfd8 17. Nd4 Nxd4 18. Qxd4 g6 19. Bd3 Bg4 20. Rde1 Rac8 21. b4 Qd7 22. Nb5 Nc4 23. Nc3 Bf5 24. Bxf5 Qxf5 25. Nxd5 Qe6 26. Rd1 Rxd5 27. Qxd5 Qxd5 28. Rxd5 Ne3 29. Rc5 Rxc5 30. bxc5 Kf8 31. Rb1 b6 32. cxb6 axb6 33. Rxb6 Nd5 34. Rb7 1-0

[Event "FISU World University"]
[Site "Tornelo INT"]
[Date "2020.10.26"]
[Round "3.14"]
[White "Srija, Seshadri"]
[Black "Solano Cuya, Bryan"]
[Result "0-1"]
[WhiteElo "2219"]
[BlackElo "2242"]
[PlyCount "82"]
[EventDate "2020.10.26"]
[EventType "team-swiss (rapid)"]
[EventRounds "9"]
[EventCountry "NET"]
[SourceTitle "CBM 199 Extra"]
[Source "ChessBase"]
[SourceDate "2021.01.31"]
[SourceVersion "1"]
[SourceVersionDate "2021.01.31"]
[SourceQuality "1"]
[WhiteTeam "India"]
[BlackTeam "Costa Rica"]
[WhiteTeamCountry "IND"]
[BlackTeamCountry "CRI"]

1. e4 c6 2. d3 d5 3. Nd2 e5 4. Ngf3 Bg4 5. g3 Nf6 6. Bg2 Nbd7 7. 0-0 dxe4 8. dxe4 Qc7 9. c3 a5 10. Qc2 h6 11. Re1 Bc5 12. Nc4 0-0 13. Ne3 Be6 14. Nh4 Rfd8 15. h3 Bf8 16. Nef5 Nc5 17. Be3 a4 18. Qe2 a3 19. b3 Ncxe4 20. Bxe4 Nxe4 21. Bxh6 Nxc3 22. Qg4 Rd4 23. Qg5 f6 24. Qh5 Rxh4 25. gxh4 Bxf5 26. Qxf5 gxh6 27. Kh1 Nd5 28. Rg1+ Kh8 29. Rg4 Qh7 30. Qe6 h5 31. Rg3 Bc5 32. f3 Rf8 33. Rd1 Bd4 34. Rd2 Ne3 35. Qd6 Qf7 36. Rg5 fxg5 37. Qh6+ Kg8 38. Qxg5+ Qg7 39. Qxh5 Nf1 40. Qg4 Qxg4 41. fxg4 Nxd2 0-1

[Event "CRI-ch"]
[Site "San Jose"]
[Date "2019.01.17"]
[Round "8"]
[White "Quesada Campos, Jordi Alessandre"]
[Black "Solano Cuya, Bryan"]
[Result "1-0"]
[WhiteElo "2044"]
[BlackElo "2249"]
[PlyCount "103"]
[EventDate "2019.01.10"]
[EventType "tourn"]
[EventRounds "11"]
[EventCountry "CRI"]
[SourceTitle "CBM 189 Extra"]
[Source "ChessBase"]
[SourceDate "2019.06.03"]
[SourceVersion "1"]
[SourceVersionDate "2019.06.03"]
[SourceQuality "1"]

1. e4 c6 2. Nc3 d5 3. Nf3 dxe4 4. Nxe4 Nf6 5. Qe2 Bf5 6. Nxf6+ gxf6 7. d4 Qd5 8. g3 Qe4 9. c3 Qxe2+ 10. Kxe2 Na6 11. Bg2 0-0-0 12. Nh4 Bd7 13. b3 e5 14. dxe5 fxe5 15. Bg5 Re8 16. Rhe1 Bg7 17. Kf1 f5 18. Bh3 Rhf8 19. Rad1 Be6 20. Be3 b6 21. f4 e4 22. Bd4 Bxd4 23. Rxd4 Nc5 24. Rd2 a5 25. Re3 a4 26. b4 Nd3 27. a3 Kc7 28. Ke2 c5 29. Kd1 Rd8 30. Kc2 cxb4 31. cxb4 Kb7 32. Rdxd3 exd3+ 33. Kd2 Bc8 34. Re7+ Kc6 35. Nf3 Bd7 36. Kxd3 Kd6 37. Rxh7 Rh8 38. Rxh8 Rxh8 39. Nh4 Rf8 40. Kd4 Be6 41. Bf1 Kc6 42. Ke5 Bc8 43. Bd3 Re8+ 44. Kd4 Rd8+ 45. Kc3 Rf8 46. Bc2 b5 47. Ng6 Re8 48. Nh4 Re3+ 49. Bd3 Kd5 50. Ng2 Re7 51. Bxb5 Ke4 52. Bc6# 1-0

[Event "CRI-ch"]
[Site "San Jose"]
[Date "2019.01.11"]
[Round "2"]
[White "Solano Cuya, Bryan"]
[Black "Duran Vega, Sergio"]
[Result "0-1"]
[WhiteElo "2249"]
[BlackElo "2396"]
[PlyCount "48"]
[EventDate "2019.01.10"]
[EventType "tourn"]
[EventRounds "11"]
[EventCountry "CRI"]
[SourceTitle "CBM 189 Extra"]
[Source "ChessBase"]
[SourceDate "2019.06.03"]
[SourceVersion "1"]
[SourceVersionDate "2019.06.03"]
[SourceQuality "1"]

1. c4 e5 2. Nc3 Nf6 3. Nf3 Nc6 4. e3 Bb4 5. Qc2 Bxc3 6. Qxc3 Qe7 7. a3 a5 8. b3 d5 9. cxd5 Nxd5 10. Qc2 e4 11. Bb5 0-0 12. Bxc6 bxc6 13. Qxc6 exf3 14. Qxd5 fxg2 15. Qxg2 Ra6 16. Bb2 Rg6 17. Qf3 Qe6 18. b4 Qb3 19. Bc3 Be6 20. Qf4 Rg4 21. Qxc7 Qd5 22. Rf1 Rc8 23. Qxa5 Qd3 24. Qa4 Bf5 0-1

[Event "CRI-ch sf"]
[Site "San Jose"]
[Date "2018.11.25"]
[Round "5"]
[White "Solano Cuya, Bryan"]
[Black "Salazar Gould, Melannie"]
[Result "1-0"]
[WhiteElo "2231"]
[BlackElo "1990"]
[PlyCount "53"]
[EventDate "2018.11.17"]
[EventType "swiss"]
[EventRounds "7"]
[EventCountry "CRI"]
[SourceTitle "CBM 187 Extra"]
[Source "ChessBase"]
[SourceDate "2018.11.04"]
[SourceVersion "1"]
[SourceVersionDate "2018.11.04"]
[SourceQuality "1"]

1. c4 e5 2. g3 Nc6 3. Bg2 Bc5 4. Nc3 d6 5. e3 a6 6. Nge2 Nge7 7. d4 Ba7 8. 0-0 0-0 9. b3 f5 10. dxe5 dxe5 11. Ba3 Bd7 12. Nd5 Rb8 13. Qd2 Re8 14. Nxe7+ Rxe7 15. Rad1 Rf7 16. Bd5 Be8 17. Bxf7+ Bxf7 18. Qxd8+ Rxd8 19. Rxd8+ Nxd8 20. Rd1 Ne6 21. Bb2 Bh5 22. Rd2 Ng5 23. Rd8+ Kf7 24. Kf1 Ne6 25. Ra8 Bc5 26. Bxe5 Bb4 27. Nd4 1-0

[Event "CRI-ch sf"]
[Site "San Jose"]
[Date "2018.11.18"]
[Round "4"]
[White "Jimenez Garcia, Emanuel"]
[Black "Solano Cuya, Bryan"]
[Result "1/2-1/2"]
[WhiteElo "2351"]
[BlackElo "2231"]
[PlyCount "42"]
[EventDate "2018.11.17"]
[EventType "swiss"]
[EventRounds "7"]
[EventCountry "CRI"]
[SourceTitle "CBM 187 Extra"]
[Source "ChessBase"]
[SourceDate "2018.11.04"]
[SourceVersion "1"]
[SourceVersionDate "2018.11.04"]
[SourceQuality "1"]

1. b3 d5 2. Bb2 Nf6 3. Nf3 c6 4. g3 Bg4 5. Bg2 Nbd7 6. 0-0 e6 7. d3 Be7 8. Nbd2 0-0 9. h3 Bh5 10. c4 Ne8 11. Qc2 a5 12. a3 Bf6 13. b4 Bxb2 14. Qxb2 Qf6 15. d4 Nd6 16. g4 Bg6 17. c5 Ne4 18. bxa5 Rxa5 19. Qxb7 Nxd2 20. Nxd2 Qxd4 21. Nf3 Nxc5 1/2-1/2

[Event "CRI-ch sf"]
[Site "San Jose"]
[Date "2018.11.17"]
[Round "1"]
[White "Murillo Arguedas, Jaime"]
[Black "Solano Cuya, Bryan"]
[Result "0-1"]
[WhiteElo "1893"]
[BlackElo "2231"]
[PlyCount "72"]
[EventDate "2018.11.17"]
[EventType "swiss"]
[EventRounds "7"]
[EventCountry "CRI"]
[SourceTitle "CBM 187 Extra"]
[Source "ChessBase"]
[SourceDate "2018.11.04"]
[SourceVersion "1"]
[SourceVersionDate "2018.11.04"]
[SourceQuality "1"]

1. e4 c5 2. Nc3 Nc6 3. f4 g6 4. Nf3 Bg7 5. Bb5 Nd4 6. 0-0 a6 7. Bd3 b5 8. Nxd4 cxd4 9. Ne2 d6 10. c3 dxc3 11. dxc3 Nf6 12. h3 Bb7 13. Ng3 0-0 14. Qe2 Nd7 15. Be3 Qc7 16. Rac1 Nc5 17. Bb1 a5 18. Rfd1 Rac8 19. Qf2 Bf6 20. Qe2 Bh4 21. Bf2 Qc6 22. Bxc5 Qxc5+ 23. Kh2 Bf6 24. Qd2 h5 25. Ne2 Bg7 26. Nd4 a4 27. f5 Qe5+ 28. g3 h4 29. Qf4 hxg3+ 30. Kxg3 Qxf4+ 31. Kxf4 Bh6+ 32. Kg4 Bxc1 33. Rxc1 b4 34. c4 Rc5 35. fxg6 fxg6 36. Ne6 Bc8 0-1

[Event "CRI-ch sf"]
[Site "San Jose"]
[Date "2018.11.17"]
[Round "2"]
[White "Solano Cuya, Bryan"]
[Black "Valdes Romero, Leonardo"]
[Result "1/2-1/2"]
[WhiteElo "2231"]
[BlackElo "2406"]
[PlyCount "87"]
[EventDate "2018.11.17"]
[EventType "swiss"]
[EventRounds "7"]
[EventCountry "CRI"]
[SourceTitle "CBM 187 Extra"]
[Source "ChessBase"]
[SourceDate "2018.11.04"]
[SourceVersion "1"]
[SourceVersionDate "2018.11.04"]
[SourceQuality "1"]

1. c4 Nf6 2. g3 g6 3. Bg2 Bg7 4. Nc3 0-0 5. e3 d6 6. Nge2 c5 7. 0-0 Nc6 8. b3 Bd7 9. Bb2 Qc8 10. d4 Bh3 11. Qd2 Bxg2 12. Kxg2 a6 13. d5 Na7 14. e4 b5 15. f3 Qc7 16. Nd1 bxc4 17. bxc4 Rab8 18. Bc3 Nc8 19. Qc2 e6 20. dxe6 fxe6 21. Nf4 Re8 22. h4 Na7 23. Nf2 Nc6 24. Rab1 Nh5 25. N2d3 Nxf4+ 26. Nxf4 Bxc3 27. Qxc3 Nd4 28. Rbe1 Rb6 29. e5 Reb8 30. Rf2 Rb1 31. Rxb1 Rxb1 32. exd6 Qxd6 33. Rb2 Rxb2+ 34. Qxb2 Qc6 35. Qa3 Qb7 36. Nh3 a5 37. Nf2 Qb4 38. Qd3 Qb2 39. Qe4 Kf7 40. Qe5 Qe2 41. Qxe2 Nxe2 42. Nd3 Nc3 43. a3 Nb1 44. a4 1/2-1/2

[Event "Sant Adria de Besos op 2nd"]
[Site "Sant Adria de Besos"]
[Date "2018.08.13"]
[Round "5"]
[White "Solano Cuya, Bryan"]
[Black "Low, Kevin"]
[Result "1-0"]
[WhiteElo "2289"]
[BlackElo "2123"]
[PlyCount "51"]
[EventDate "2018.08.10"]
[EventType "swiss"]
[EventRounds "9"]
[EventCountry "ESP"]
[SourceTitle "CBM 186 Extra"]
[Source "ChessBase"]
[SourceDate "2018.08.24"]
[SourceVersion "1"]
[SourceVersionDate "2018.08.24"]
[SourceQuality "1"]

1. d4 Nf6 2. c4 e6 3. Nf3 b6 4. a3 Bb7 5. Nc3 Ne4 6. Nxe4 Bxe4 7. Nd2 Bb7 8. e4 d5 9. cxd5 exd5 10. e5 c5 11. Bb5+ Nc6 12. Nf3 Be7 13. 0-0 0-0 14. Re1 a6 15. Bd3 Qd7 16. dxc5 bxc5 17. Ng5 Bxg5 18. Bxg5 h6 19. Qh5 c4 20. Bxh6 gxh6 21. Bf5 Qc7 22. Qxh6 Rfe8 23. Bh7+ Kh8 24. Qf6+ Kxh7 25. Re3 Bc8 26. Rg3 1-0

[Event "Sitges op 44th"]
[Site "Sitges"]
[Date "2018.07.28"]
[Round "8"]
[White "Vidarte Morales, Arturo"]
[Black "Solano Cuya, Bryan"]
[Result "1/2-1/2"]
[WhiteElo "2381"]
[BlackElo "2257"]
[PlyCount "82"]
[EventDate "2018.07.22"]
[EventType "swiss"]
[EventRounds "9"]
[EventCountry "ESP"]
[SourceTitle "CBM 185 Extra"]
[Source "ChessBase"]
[SourceDate "2018.07.29"]
[SourceVersion "1"]
[SourceVersionDate "2018.07.29"]
[SourceQuality "1"]

1. Nf3 d5 2. g3 Bg4 3. Bg2 c6 4. 0-0 Nd7 5. d3 Ngf6 6. c4 e6 7. cxd5 cxd5 8. Nc3 Be7 9. Be3 0-0 10. Rc1 Bxf3 11. exf3 Ne5 12. f4 Nc6 13. d4 Qb6 14. Na4 Qa5 15. a3 Rac8 16. b4 Qa6 17. Qb3 Qb5 18. Nc3 Qb6 19. Qd1 a5 20. b5 Na7 21. Qb3 Ng4 22. Bf3 Nxe3 23. fxe3 Qd6 24. b6 Qxa3 25. Qxa3 Bxa3 26. bxa7 Bxc1 27. Rxc1 b5 28. a8Q Rxa8 29. Nxb5 Rfb8 30. Be2 a4 31. Ra1 Ra5 32. Ra3 g6 33. g4 Raxb5 34. Bxb5 Rxb5 35. Rxa4 Rb2 36. g5 Re2 37. Ra3 h5 38. h4 Kg7 39. Rb3 Kf8 40. Rc3 Ke7 41. Ra3 Kf8 1/2-1/2

[Event "Torredembarra op 20th"]
[Site "Torredembarra"]
[Date "2018.07.08"]
[Round "9"]
[White "Narciso Dublan, Marc"]
[Black "Solano Cuya, Bryan"]
[Result "1-0"]
[WhiteElo "2468"]
[BlackElo "2273"]
[PlyCount "106"]
[EventDate "2018.06.30"]
[EventType "swiss"]
[EventRounds "9"]
[EventCountry "ESP"]
[SourceTitle "CBM 185 Extra"]
[Source "ChessBase"]
[SourceDate "2018.07.29"]
[SourceVersion "1"]
[SourceVersionDate "2018.07.29"]
[SourceQuality "1"]

1. d4 d5 2. c4 dxc4 3. Nf3 Nf6 4. e3 Bg4 5. Nbd2 e6 6. Nxc4 Nbd7 7. Be2 Be7 8. 0-0 0-0 9. b3 c5 10. Bb2 Bh5 11. Rc1 Rc8 12. dxc5 Nxc5 13. Nd4 Bg6 14. b4 Ncd7 15. Qb3 a6 16. Rfd1 Be4 17. Bf3 Bxf3 18. Nxf3 b5 19. Na5 Rxc1 20. Rxc1 Nb8 21. Nd4 Qd5 22. a3 Qh5 23. Nf3 Nd5 24. h3 h6 25. Bd4 Bf6 26. Qd1 Qf5 27. Nb7 Be7 28. Ne5 Nf6 29. Qc2 Qh5 30. Nc6 Nxc6 31. Qxc6 Qe2 32. Nc5 Bxc5 33. bxc5 a5 34. Rb1 b4 35. axb4 axb4 36. Bxf6 gxf6 37. Qb6 Rc8 38. Qxb4 Qc2 39. Qg4+ Kf8 40. Rb5 Qc1+ 41. Kh2 Qd2 42. Qh5 Kg7 43. Rb7 Rf8 44. Qg4+ Kh7 45. Qxe6 Qxf2 46. Rxf7+ Rxf7 47. Qxf7+ Kh8 48. Qf8+ Kh7 49. Qf7+ Kh8 50. c6 Qxe3 51. Qxf6+ Kh7 52. Qf5+ Kg7 53. c7 Qc5 1-0

[Event "Torredembarra op 20th"]
[Site "Torredembarra"]
[Date "2018.07.04"]
[Round "5"]
[White "Solano Cuya, Bryan"]
[Black "Fluvia Poyatos, Jordi"]
[Result "0-1"]
[WhiteElo "2273"]
[BlackElo "2436"]
[PlyCount "74"]
[EventDate "2018.06.30"]
[EventType "swiss"]
[EventRounds "9"]
[EventCountry "ESP"]
[SourceTitle "CBM 185 Extra"]
[Source "ChessBase"]
[SourceDate "2018.07.29"]
[SourceVersion "1"]
[SourceVersionDate "2018.07.29"]
[SourceQuality "1"]

1. d4 Nf6 2. c4 Nc6 3. Nf3 d6 4. Nc3 g6 5. e4 Bg7 6. Be2 0-0 7. 0-0 e6 8. Re1 h6 9. h3 Re8 10. Be3 a6 11. Qc2 b6 12. a3 Bb7 13. b4 Ne7 14. Red1 Qc8 15. c5 bxc5 16. dxc5 d5 17. exd5 Nfxd5 18. Bd4 Bxd4 19. Nxd4 e5 20. c6 Nxc3 21. cxb7 Nxe2+ 22. Qxe2 Qxb7 23. Qxe5 Nf5 24. Qf6 Nxd4 25. Rxd4 Qb6 26. Qf4 Re7 27. Rc4 Rae8 28. Rc5 h5 29. Rac1 Re1+ 30. Rxe1 Rxe1+ 31. Kh2 Re2 32. Qg3 Qf6 33. f4 h4 34. Qf3 Re1 35. Qf2 Qa1 36. g4 Qd1 37. Rc2 Rh1+ 0-1

[Event "Torredembarra op 20th"]
[Site "Torredembarra"]
[Date "2018.07.02"]
[Round "3"]
[White "Sanchez Bernardino, Miguel Angel"]
[Black "Solano Cuya, Bryan"]
[Result "0-1"]
[WhiteElo "1976"]
[BlackElo "2273"]
[PlyCount "138"]
[EventDate "2018.06.30"]
[EventType "swiss"]
[EventRounds "9"]
[EventCountry "ESP"]
[SourceTitle "CBM 185 Extra"]
[Source "ChessBase"]
[SourceDate "2018.07.29"]
[SourceVersion "1"]
[SourceVersionDate "2018.07.29"]
[SourceQuality "1"]

1. e4 c5 2. Nf3 a6 3. c4 e6 4. Nc3 b6 5. d4 cxd4 6. Nxd4 Bb7 7. a3 Qc7 8. Be3 Nf6 9. f3 Be7 10. Rc1 0-0 11. Be2 d6 12. 0-0 Nbd7 13. b4 Rac8 14. Qb3 Qb8 15. Rfd1 Rfe8 16. g4 h6 17. Bf2 Bd8 18. Bg3 Bc7 19. Qa4 Qa8 20. Qb3 d5 21. cxd5 exd5 22. Nxd5 Nxd5 23. exd5 Bxd5 24. Bc4 Bxc4 25. Rxc4 Bxg3 26. hxg3 Rxc4 27. Qxc4 Ne5 28. Qc3 Qd5 29. Kf2 Rd8 30. Rd2 Nc4 31. Rd3 f6 32. Ke2 Ne5 33. Rd2 Nc4 34. Rd3 b5 35. Nc2 Re8+ 36. Ne3 Qe6 37. Kf2 Qb6 38. f4 Kh7 39. Kf3 Qc6+ 40. Kf2 Qh1 41. Ng2 Qb1 42. Ne3 Qh1 43. Ng2 Qh3 44. Qc2 Kh8 45. Kf3 h5 46. gxh5 Qxh5+ 47. Kf2 Qf7 48. Rd1 Qa7+ 49. Kf3 Qb7+ 50. Kg4 Kg8 51. Qg6 Qe7 52. Re1 Qd7+ 53. Kh4 Rxe1 54. Nxe1 Ne3 55. Qh5 Nf5+ 56. Kh3 Ne3+ 57. Kh4 Qe6 58. g4 Qd7 59. Kg3 Qc8 60. Kf3 Qe6 61. f5 Qe7 62. Nd3 Nc4 63. Nc5 Qe3+ 64. Kg2 Qe2+ 65. Kg3 Nd2 66. Qh1 Nf1+ 67. Kh3 Qf2 68. Ne4 Qe3+ 69. Kh4 Qh6# 0-1

[Event "CRI qual National"]
[Site "San Jose"]
[Date "2018.04.08"]
[Round "5"]
[White "Solano Cuya, Bryan"]
[Black "Murillo Gonzalez, Carlos E"]
[Result "1/2-1/2"]
[WhiteElo "2315"]
[BlackElo "2022"]
[PlyCount "60"]
[EventDate "2018.04.05"]
[EventType "tourn"]
[EventRounds "6"]
[EventCountry "CRI"]
[SourceTitle "EXT 2019"]
[Source "ChessBase"]
[SourceDate "2018.10.10"]
[SourceVersion "1"]
[SourceVersionDate "2018.10.10"]
[SourceQuality "1"]

1. d4 e6 2. Nf3 c5 3. c3 d5 4. e3 Nc6 5. Bd3 Bd6 6. dxc5 Bxc5 7. Nbd2 Nf6 8. 0-0 0-0 9. b4 Bd6 10. a3 Qe7 11. Bb2 Re8 12. Qc2 h6 13. Rfd1 Bd7 14. c4 Rac8 15. c5 Bc7 16. Rac1 e5 17. e4 d4 18. h3 Nh5 19. Nc4 Nf4 20. Bf1 Qf6 21. Ne1 Qg6 22. Kh1 f5 23. b5 Na5 24. Nxa5 Bxa5 25. Nd3 Nxd3 26. Bxd3 f4 27. Qe2 Rf8 28. f3 Bd8 29. Bc4+ Kh8 30. Bd5 Be7 1/2-1/2

[Event "CRI qual National"]
[Site "San Jose"]
[Date "2018.04.07"]
[Round "3"]
[White "Solano Cuya, Bryan"]
[Black "Chinchilla Miranda, Eugenio"]
[Result "0-1"]
[WhiteElo "2315"]
[BlackElo "2197"]
[PlyCount "145"]
[EventDate "2018.04.05"]
[EventType "tourn"]
[EventRounds "6"]
[EventCountry "CRI"]
[SourceTitle "EXT 2019"]
[Source "ChessBase"]
[SourceDate "2018.10.10"]
[SourceVersion "1"]
[SourceVersionDate "2018.10.10"]
[SourceQuality "1"]

1. d4 e6 2. Nf3 c5 3. c3 Nf6 4. Bg5 h6 5. Bh4 Qb6 6. Qb3 d5 7. e3 Nc6 8. Nbd2 Nh5 9. Be2 g5 10. Bg3 Nxg3 11. hxg3 Bg7 12. Qc2 Bd7 13. dxc5 Qxc5 14. e4 0-0-0 15. Nb3 Qd6 16. exd5 exd5 17. Rd1 Be6 18. Nfd4 Nxd4 19. Nxd4 Kb8 20. g4 Qc7 21. Qb3 Ka8 22. 0-0 Be5 23. Rfe1 Bh2+ 24. Kf1 Be5 25. Nxe6 fxe6 26. Bf3 Rhe8 27. Re2 Bg7 28. Kg1 a6 29. Rde1 Rd6 30. Rd1 Rb6 31. Qa4 Rd8 32. Qa5 Kb8 33. Rde1 Rdd6 34. Rd1 Rb5 35. Qxc7+ Kxc7 36. Red2 Rdb6 37. c4 Rxb2 38. cxd5 Rxd2 39. Rxd2 exd5 40. Rxd5 Rb1+ 41. Rd1 Rb2 42. Bd5 b5 43. g3 a5 44. Rd3 b4 45. a3 Bf8 46. axb4 Bxb4 47. f4 Bc5+ 48. Kh1 a4 49. fxg5 hxg5 50. Rf3 a3 51. Rf5 Be3 52. Rf3 Bc5 53. Rf5 Be7 54. Rf1 a2 55. Bxa2 Rxa2 56. Rc1+ Kd7 57. Rd1+ Ke6 58. Re1+ Kf7 59. Rf1+ Bf6 60. Rf3 Ra4 61. Kg2 Rxg4 62. Ra3 Rb4 63. Kf3 Rc4 64. Ra5 Kg6 65. Ra6 g4+ 66. Ke3 Kf5 67. Ra5+ Be5 68. Kf2 Rc2+ 69. Kg1 Ke4 70. Ra4+ Kf3 71. Ra3+ Bc3 72. Rb3 Kxg3 73. Rb1 0-1

[Event "CRI qual National"]
[Site "San Jose"]
[Date "2018.04.05"]
[Round "1"]
[White "Solano Cuya, Bryan"]
[Black "Quesada Campos, Jordi Alessandre"]
[Result "0-1"]
[WhiteElo "2315"]
[BlackElo "1975"]
[PlyCount "38"]
[EventDate "2018.04.05"]
[EventType "tourn"]
[EventRounds "6"]
[EventCountry "CRI"]
[SourceTitle "EXT 2019"]
[Source "ChessBase"]
[SourceDate "2018.10.10"]
[SourceVersion "1"]
[SourceVersionDate "2018.10.10"]
[SourceQuality "1"]

1. d4 d5 2. c4 c6 3. Nc3 Nf6 4. cxd5 cxd5 5. Bf4 Nc6 6. e3 Bg4 7. Qb3 Na5 8. Qa4+ Nc6 9. Nb5 e5 10. dxe5 Bb4+ 11. Nc3 d4 12. Bb5 0-0 13. Nge2 dxc3 14. bxc3 Bxe2 15. Kxe2 Ne4 16. Rac1 Qd2+ 17. Kf3 Qxf2+ 18. Kxe4 Qxg2+ 19. Kd3 Rfd8+ 0-1

[Event "San Jose subzonal 2.3c"]
[Site "San Jose"]
[Date "2018.03.25"]
[Round "1"]
[White "Solano Cuya, Bryan"]
[Black "Lombardo, Elias"]
[Result "1-0"]
[WhiteElo "2280"]
[BlackElo "1776"]
[PlyCount "75"]
[EventDate "2018.03.25"]
[EventType "swiss"]
[EventRounds "9"]
[EventCountry "CRI"]
[SourceTitle "EXT 2019"]
[Source "ChessBase"]
[SourceDate "2018.10.10"]
[SourceVersion "1"]
[SourceVersionDate "2018.10.10"]
[SourceQuality "1"]

1. d4 Nf6 2. Nf3 e6 3. Bg5 Be7 4. e3 Ne4 5. Bf4 0-0 6. Bd3 f5 7. Nbd2 d5 8. 0-0 g5 9. Be5 Nd7 10. h3 Nxe5 11. Nxe5 Nxd2 12. Qxd2 Bd7 13. c4 c6 14. c5 Be8 15. f4 Bg6 16. b4 gxf4 17. exf4 Bf6 18. Rfe1 Bxe5 19. Rxe5 Qd7 20. a4 a6 21. Qe1 Rf6 22. b5 axb5 23. axb5 Rxa1 24. Qxa1 cxb5 25. Qa5 Be8 26. Re2 Qc6 27. Rb2 Qc8 28. Bxb5 Bc6 29. Bxc6 bxc6 30. Qe1 Qc7 31. Qh4 Rg6 32. Rb6 Rg7 33. Qf2 Re7 34. Qe3 Re8 35. g3 Kf7 36. Qe2 Ra8 37. Qh5+ Kf6 38. Qh6+ 1-0

[Event "North American op 27th"]
[Site "Las Vegas"]
[Date "2017.12.27"]
[Round "3"]
[White "Solano Cuya, Bryan"]
[Black "Samsonkin, Artiom"]
[Result "1/2-1/2"]
[WhiteElo "2270"]
[BlackElo "2407"]
[PlyCount "89"]
[EventDate "2017.12.26"]
[EventType "swiss"]
[EventRounds "9"]
[EventCountry "USA"]
[SourceTitle "CBM 182 Extra"]
[Source "ChessBase"]
[SourceDate "2018.02.23"]
[SourceVersion "1"]
[SourceVersionDate "2018.02.23"]
[SourceQuality "1"]

1. d4 Nf6 2. Nf3 e6 3. Bg5 h6 4. Bh4 b6 5. e3 Bb7 6. Bd3 d6 7. 0-0 Nbd7 8. Qe2 g5 9. Bg3 Ne4 10. Bxe4 Bxe4 11. Nc3 Bb7 12. e4 Bg7 13. e5 g4 14. Nd2 dxe5 15. Qxg4 Nf6 16. Qe2 exd4 17. Nb5 0-0 18. Bxc7 d3 19. Qxd3 Qxd3 20. cxd3 Nd5 21. Bg3 Bxb2 22. Rab1 Bg7 23. Rfc1 Rfd8 24. h3 Ba6 25. Kh2 Bxb5 26. Rxb5 Nc3 27. Rb3 Rxd3 28. Rc2 Rad8 29. Nf3 Ne4 30. Bh4 Rxb3 31. axb3 Rd7 32. Rc4 f5 33. b4 Kf7 34. g4 Nd6 35. Rc6 Nb5 36. gxf5 exf5 37. Bg3 Rd5 38. Kg2 Bf6 39. Bb8 a5 40. bxa5 bxa5 41. Ra6 Nc3 42. Bc7 a4 43. Bf4 h5 44. Bd2 Ne4 45. Be3 1/2-1/2